In pursuit of happiness / (Record no. 16952)

MARC details
000 -LEADER
fixed length control field 01317nam a2200229 a 4500
003 - CONTROL NUMBER IDENTIFIER
control field PILC
005 - DATE AND TIME OF LATEST TRANSACTION
control field 20230713115522.0
008 - FIXED-LENGTH DATA ELEMENTS--GENERAL INFORMATION
fixed length control field 070120s1995 xx 00 eng d
010 ## - LIBRARY OF CONGRESS CONTROL NUMBER
LC control number Acc#37639,37640,37641
020 ## - INTERNATIONAL STANDARD BOOK NUMBER
International Standard Book Number 0268031584
040 ## - CATALOGING SOURCE
Transcribing agency Philippine Baptist Theological Seminary
050 ## - LIBRARY OF CONGRESS CALL NUMBER
Classification number BJ 1481
Item number I1 1995
100 10 - MAIN ENTRY--PERSONAL NAME
Personal name Rouner, Leroy S., ed.
245 10 - TITLE STATEMENT
Title In pursuit of happiness /
Statement of responsibility, etc. edited by Leroy S. Rouner.
260 0# - PUBLICATION, DISTRIBUTION, ETC (IMPRINT)
Place of publication, distribution, etc. Notre Dame, IN :
Name of publisher, distributor, etc. University of Notre Dame Press,
Date of publication, distribution, etc. c1995.
300 ## - PHYSICAL DESCRIPTION
Extent xv, 176 p. ; 23 cm.
440 #0 - SERIES STATEMENT/ADDED ENTRY--TITLE
Title Boston University Studies in Philosophy and Religion Vol.16
500 ## - GENERAL NOTE
General note Includes index
505 ## - FORMATTED CONTENTS NOTE
Formatted contents note Part I : Tranquility, Desire , Blessedness -- <br/>Happiness tranquility , and philosophy -- <br/>Happiness in Motion: Desire and Delight -- <br/>Blessedness -- <br/>Part II : Joy , Enlightenments, humanness -- <br/>The inwardness of joy in Jewish Spirituality -- <br/>The Buddha's Smile: Enlightenment and the Pursuit of Happiness -- <br/>Happiness in the Confucian Way -- <br/>Part III : Ecstasy , The Uneasy conscience, meaning , Playfulness -- <br/>Happiness and the Uneasy Conscience Happiness as the Pursuit of Meaning : The Promise of Professionalism -- <br/>Will the Cubs and Red Sox Ever Meet again? -- <br/>Playfulness and Happiness --
650 ## - SUBJECT ADDED ENTRY--TOPICAL TERM
Topical term or geographic name as entry element HAPPINESS
942 ## - ADDED ENTRY ELEMENTS (KOHA)
Koha item type Circulation Books
Source of classification or shelving scheme Library of Congress Classification
Holdings
Withdrawn status Lost status Source of classification or shelving scheme Damaged status Not for loan Home library Current library Shelving location Date acquired Cost, normal purchase price Total Checkouts Full call number Barcode Date last seen Price effective from Koha item type Total Renewals Date last checked out
    Dewey Decimal Classification     PBTS Library PBTS Library Circulation Section 01/20/2007 24.00   BJ 1481 I1 1995 37639 02/03/2026 04/02/2015 Circulation Books    
    Dewey Decimal Classification     PBTS Library PBTS Library Circulation Section 01/20/2007 24.00 1 BJ 1481 I1 1995 37640 02/03/2026 04/02/2015 Circulation Books 1 07/07/2016
    Dewey Decimal Classification     PBTS Library PBTS Library Circulation Section 01/20/2007 24.00   BJ 1481 I1 1995 37641 02/03/2026 04/02/2015 Circulation Books    

Philippine Baptist Theological Seminary | 19 Tacay Road, Central Guisad, Baguio City 2600, Philippines